000 00564nam a22001817a 4500
005 20251108165321.0
008 250721s9999 xx 000 0 ara d
082 1 4 _a960/د
100 1 _aدافدسن، بازل
245 1 0 _aإفريقيا تحت أضواء جديدة /
264 1 _aبيروت :
_bدار الثقافة للطباعة و النشر و التوزيع،
_c[19-].
300 _a480ص
650 1 7 _aإفريقيا
650 1 7 _aتاريخ إفريقيا
700 1 _aأحمد، جمال م
_eترجمة
942 _2ddc
_cBK
999 _c24937
_d24937